Ultimate Soccer/Football Logo Quiz - Statistics

General Stats
  • This quiz has been taken 6 times
  • The average score is 135 of 500
Answer Stats
Picture Answer % Correct
Hull
100%
RB Leipzig
83%
AC Milan
67%
Aston Villa
67%
Barcelona
67%
Brentford
67%
Galatasaray
67%
Inter Milan
67%
Juventus
67%
Portsmouth
67%
PSG
67%
Zenit
67%
Ajax
50%
Al Hilal
50%
Arsenal
50%
Atletico Madrid
50%
Bayern Munich
50%
Boavista
50%
Bolton
50%
Borussia Dortmund
50%
Bournemouth
50%
Bradford
50%
Braga
50%
Brighton
50%
Bristol City
50%
Burnley
50%
Cardiff City
50%
Charlton
50%
Chelsea
50%
Crystal Palace
50%
Derby
50%
Everton
50%
Fleetwood
50%
Fulham
50%
Genoa
50%
Huddersfield
50%
Ipswich
50%
Lazio
50%
Leeds
50%
Leicester City
50%
Lille
50%
Liverpool
50%
Luton
50%
Lyon
50%
Manchester City
50%
Manchester United
50%
Mansfield
50%
Marseille
50%
MK Dons
50%
Monaco
50%
Napoli
50%
Newcastle
50%
Nice
50%
Norwich City
50%
Nottingham Forest
50%
Olympiacos
50%
Oxford United
50%
Paris FC
50%
Plymouth Argyle
50%
Preston
50%
QPR
50%
Reading
50%
Real Madrid
50%
Red Star
50%
River Plate
50%
Roma
50%
Sampdoria
50%
Sheffield United
50%
Sheffield Wednesday
50%
Southampton
50%
Stoke City
50%
Sunderland
50%
Swansea
50%
Villarreal
50%
Watford
50%
Werder Bremen
50%
West Bromwich
50%
West Ham
50%
Wigan
50%
Wolverhampton
50%
AEK Athens
33%
Alaves
33%
Al Ittihad
33%
Almeria
33%
Al Nassr
33%
Anderlecht
33%
Angers
33%
Antwerp
33%
Argentinos Juniors
33%
Arminia Bielefeld
33%
Arouca
33%
Atalanta
33%
Athletico Paranaense
33%
Atletico Mineiro
33%
Augsburg
33%
AZ Alkmaar
33%
Bahia
33%
Banfield
33%
Barnet
33%
Barnsley
33%
Barrow
33%
Bastia
33%
Bayer Leverkusen
33%
Benfica
33%
Besiktas
33%
Blackburn Rovers
33%
Boca Juniors
33%
Bologna
33%
Botafogo
33%
Bristol Rovers
33%
Burton Albion
33%
Cadiz
33%
Cagliari
33%
Carlisle
33%
Celta Vigo
33%
Central
33%
Chapecoense
33%
Chesterfield
33%
Club Brugge
33%
Colchester
33%
Como
33%
Corinthians
33%
Coritiba
33%
Coventry
33%
Cremonese
33%
Crewe
33%
Cruz Azul
33%
Cruzeiro
33%
Darmstadt
33%
Deportivo
33%
Doncaster
33%
Dusseldorf
33%
Dynamo Dresden
33%
Eibar
33%
Elche
33%
Espanyol
33%
Estudiantes
33%
Exeter City
33%
Famalicao
33%
Fenerbahce
33%
Feyenoord
33%
Fiorentina
33%
Flamengo
33%
Fluminense
33%
Frankfurt
33%
Freiburg
33%
Frosinone
33%
Genk
33%
Gent
33%
Getafe
33%
Gillingham
33%
Gil Vicente
33%
Girona
33%
Granada
33%
Gremio
33%
Groningen
33%
Guadalajara
33%
Hamburger
33%
Hannover
33%
Hellas Verona
33%
Hertha
33%
Hoffenheim
33%
Huracan
33%
Independiente
33%
Inter Miami
33%
Internacional
33%
Koln
33%
LA Galaxy
33%
Lanus
33%
Las Palmas
33%
Lecce
33%
Leganes
33%
Lens
33%
Levante
33%
Leyton Orient
33%
Lincoln City
33%
Los Angeles
33%
Mainz
33%
Malaga
33%
Mallorca
33%
Metz
33%
Millwall
33%
Mirassol
33%
Monchengladbach
33%
Monterrey
33%
Montpelier
33%
Montreal
33%
Morecambe
33%
Moreirense
33%
Nantes
33%
Newell's Old Boys
33%
Newport
33%
New York City
33%
Notts
33%
Nurnberg
33%
Oldham
33%
Orlando
33%
Osasuna
33%
Palermo
33%
Palmeiras
33%
Panathinaikos
33%
PAOK
33%
Parma
33%
Pescara
33%
Peterborough
33%
Philadelphia
33%
Pisa
33%
Platense
33%
Porto
33%
Port Vale
33%
PSV
33%
Pumas
33%
Racing Club
33%
Rayo Vallecano
33%
Real Betis
33%
Real Oviedo
33%
Real Sociedad
33%
Real Zaragoza
33%
Red Star Belgrade
33%
Reims
33%
Remo
33%
Rennes
33%
Rio Ave
33%
Rochdale
33%
Rotherham
33%
Salford City
33%
San Antonio
33%
San Lorenzo
33%
Santa Clara
33%
Santos
33%
Sao Paulo
33%
Sassuolo
33%
Schalke
33%
Sevilla
33%
Shrewsbury
33%
Sporting
33%
Sporting Gijon
33%
St Etienne
33%
Stevenage
33%
Strasbourg
33%
Stuttgart
33%
Swindon Town
33%
Talleres
33%
Tigre
33%
Tigres
33%
Toluca
33%
Tondela
33%
Torino
33%
Toulouse
33%
Tranmere Rovers
33%
Troyes
33%
Tucuman
33%
Udinese
33%
Union
33%
Union Berlin
33%
Union Saint Gilloise
33%
Utrecht
33%
Valencia
33%
Valladolid
33%
Vasco
33%
Vitoria
33%
Vitoria
33%
Wimbledon
33%
Wolfsburg
33%
Wrexham
33%
Wycombe
33%
York City
33%
Abha
17%
Aldosivi
17%
Al Faisaly
17%
Al Khaleej
17%
Almere
17%
Al Riyadh
17%
Al Shabab
17%
Alverca
17%
Amiens
17%
Andorra
17%
Annecy
17%
Antalyaspor
17%
Aris
17%
Athletic Club
17%
Atlanta United
17%
Atlas
17%
Atromitos
17%
Austin
17%
Auxerre
17%
Avellino
17%
AVS
17%
Banik Ostrava
17%
Bari
17%
Barracas
17%
Belgrano
17%
Birmingham
17%
Blackpool
17%
Bochum
17%
Bodo/Glimt
17%
Bohemians
17%
Boulogne
17%
Brest
17%
Bromley
17%
Brondby
17%
Burgos
17%
Bursaspor
17%
Cambridge
17%
Carrarese
17%
Casa Pia
17%
Castellon
17%
Catanzaro
17%
Cercle Brugge
17%
Cesena
17%
Ceuta
17%
Charleroi
17%
Cheltenham
17%
Chicago Fire
17%
Cincinnati
17%
Clermont
17%
Club America
17%
Columbus Crew
17%
Copenhagen
17%
Cordoba
17%
Cordoba
17%
Crawley Town
17%
Dallas
17%
Damac
17%
D.C. United
17%
Defensa y Justica
17%
Dender
17%
Deportivo Riestra
17%
Dukla
17%
Dunkerque
17%
Eldense
17%
Elversberg
17%
Empoli
17%
Estoril Praia
17%
Estrela Amadora
17%
Excelsior
17%
FCSB
17%
Fortuna Sittard
17%
Furth
17%
Gaziantep
17%
Go Ahead Eagles
17%
Godoy Cruz
17%
Goztepe
17%
Grenoble
17%
Grimsby
17%
Guingamp
17%
Harrogate Town
17%
Heerenveen
17%
Heidenheim
17%
Houston Dynamo
17%
Huesca
17%
Instituto
17%
Jablonec
17%
Juarez
17%
Juve Stabia
17%
Kaiserslautern
17%
Kalamata
17%
Kasimpasa
17%
Kayserispor
17%
Kifisia
17%
Kocaelispor
17%
Konyaspor
17%
La Louviere
17%
La Plata
17%
Laval
17%
Le Havre
17%
Le Mans
17%
Leon
17%
Leones Negros
17%
Levadiakos
17%
Liberec
17%
Lorient
17%
Magdeburg
17%
Mantova
17%
Mechelen
17%
Mendoza
17%
Middlesborough
17%
Minnesota United
17%
Mirandes
17%
Modena
17%
Monza
17%
Moron
17%
NAC Breda
17%
Nacional
17%
Nashville
17%
Necaxa
17%
Neom
17%
Nordsjælland
17%
Northampton
17%
Odense
17%
Oh Leuven
17%
Pachuca
17%
Paderborn
17%
Padova
17%
Panserraikos
17%
Pardubice
17%
Pau
17%
Portland Timbers
17%
Preußen Munster
17%
Puebla
17%
Queretaro
17%
Racing Santander
17%
Randers
17%
RB Bragantino
17%
Real Salt Lake
17%
Reggiana
17%
Rio Cuarto
17%
Rivadavia
17%
Rizespor
17%
Rodez
17%
San Diego
17%
San Luis
17%
Santos Laguna
17%
Sarmiento
17%
Seattle Sounders
17%
Sigma
17%
Silkeborg
17%
Sint Truidense
17%
Slovacko
17%
Sparta Rotterdam
17%
Spezia
17%
Sporting Kansas
17%
Standard Liege
17%
St Louis
17%
Stockport
17%
St Pauli
17%
Sudtirol
17%
Telstar
17%
Tenerife
17%
Teplice
17%
Tijuana
17%
Toronto
17%
Torreense
17%
Trabzonspor
17%
Twente
17%
Vancouver Whitecaps
17%
Venezia
17%
Viborg
17%
Viktoria Plzen
17%
Virtus Entella
17%
Volos
17%
Walsall
17%
Westerlo
17%
Willem II
17%
Zlin
17%
Zulte Waregem
17%
Accrington
0%
AEL
0%
AGF
0%
Alacranes de Durango
0%
Al Ahil
0%
Al Akhdoud
0%
Alanyspor
0%
Albacate
0%
Al Ettifaq
0%
Al Fateh
0%
Al Fayha
0%
Al Hazem
0%
Al Kholood
0%
Al Najma
0%
Al Qadsiah
0%
Al Taawoun
0%
Asteras Tripolis
0%
Baseksehir
0%
Braunschweig
0%
Charlotte
0%
Colorado Rapids
0%
Deportiva Leonesa
0%
Eyupspor
0%
FC Volendam
0%
Fredericia
0%
Genclerbirligi
0%
Heracles Alamo
0%
Holstein Kiel
0%
Hradec Kralove
0%
Iraklis
0%
Istanbulspor
0%
Karagumruk
0%
Karlsruher
0%
Karvina
0%
Louisville City
0%
Mazaltan
0%
Midtjylland
0%
Mlada Boleslav
0%
Nancy
0%
NEC Nijmegan
0%
New England Revolution
0%
New York Red Bulls
0%
OFI Crete
0%
Panetolikos
0%
PEC Zwolle
0%
Real Sociedad B
0%
Samsunspor
0%
San Jose Earthquakes
0%
Slavia Praha
0%
Sonderjyske
0%
Sparta Praha
0%
Tottenham Hotspurs
0%
Vejle
0%
Veles Sarsfield
0%
No matching quizzes found
Score Distribution
Percent of People with Each Score
Percentile by Number Answered
Your Score History
You have not taken this quiz